书目信息 |
| 书名: | Windows Phone 7 for Dummies | |
| 作者: | Bill Hughes | |
| 分册号: | ||
| 分册名: | 出版地: | America |
|
| 出版社: | John Wiley & Sons | |
| 出版时间: | 2011 | |
| 页数: | 298p | |
| 开本: | 26cm | |
| 丛书名: | ||
| 中图分类号: | ||
| 科图分类号: | ||
| 其他分类号: | TN929 | |
| 主题词: | ||
| 电子资源: | ||
| 000 | 00392nam0 2200145 450 | |
| 001 | 202012003271 | |
| 005 | 20121204091737.0 | |
| 008 | 12120401s | |
| 020 | @a9780470880111@c$24.99 | |
| 099 | @dTN929@eB596 | |
| 245 | 10 | @aWindows Phone 7 for Dummies @cBill Hughes |
| 260 | 0 | @aAmerica@bJohn Wiley & Sons@c2011 |
| 300 | @a298p@c26cm | |
| 905 | @b14553-4 | |
| 905 | @aTSG@dTN929@eB596 | |
| Windows Phone 7 for Dummies / Bill Hughes.-America : John Wiley & Sons , 2011 |
| 298p ; 26cm |
| ISBN 9780470880111$24.99 |
| ● |
| 相关链接 |
|
|
|
正题名:Windows Phone 7 for Dummies
索取号:TN929/B596
 
预约/预借
| 序号 | 登录号 | 条形码 | 馆藏地/架位号 | 状态 | 备注 |
| 1 | 14553 | 300145536 | 自科库301/400A自科库 15排1列2层/ [索取号:TN929/B596] | 在馆 | |
| 2 | 14554 | 300145545 | 自科库301/301自科库 999排6列3层/ [索取号:TN929/B596] | 在馆 |